Lineare Algebra und Lineare Analysis / (Record no. 50878)
[ view plain ]
| 000 -LEADER | |
|---|---|
| fixed length control field | 01038cam a2200301Ia 4500 |
| 001 - CONTROL NUMBER | |
| control field | 50878 |
| 003 - CONTROL NUMBER IDENTIFIER | |
| rucl marc code | BD-RjUL |
| 005 - DATE AND TIME OF LATEST TRANSACTION | |
| control field | 20211209075558.0 |
| 008 - FIXED-LENGTH DATA ELEMENTS--GENERAL INFORMATION | |
| fixed length control field | 160828s1956 gw a o 000 0 ger d |
| 035 ## - SYSTEM CONTROL NUMBER | |
| System control number | BD-RjUL50998 |
| 040 ## - CATALOGING SOURCE | |
| Original cataloging agency | DG1 |
| Transcribing agency | DG1 |
| Modifying agency | DG1 |
| -- | OCLCQ |
| -- | OCLCF |
| -- | OCLCA |
| Language of cataloging | eng |
| 041 ## - LANGUAGE CODE | |
| Language code of text/sound track or separate title | eng |
| 082 04 - DEWEY DECIMAL CLASSIFICATION NUMBER | |
| Classification number | 512.5 |
| Edition number | 22 |
| Author mark and year | LIL 1956 |
| 100 1# - MAIN ENTRY--PERSONAL NAME | |
| Personal name | Lichnerowicz, André |
| 9 (RLIN) | 152305 |
| 245 00 - TITLE STATEMENT | |
| Title | Lineare Algebra und Lineare Analysis / |
| Statement of responsibility, etc. | André Lichnerowicz |
| 260 ## - PUBLICATION, DISTRIBUTION, ETC. (IMPRINT) | |
| Place of publication, distribution, etc. | Weinheim : |
| Name of publisher, distributor, etc. | Wiley-VCH, |
| Date of publication, distribution, etc. | 1956 |
| 300 ## - PHYSICAL DESCRIPTION | |
| Pagination | xiv, 303 p. : |
| Illustrations | ill. ; |
| Size | 21 cm. |
| 490 1# - SERIES STATEMENT | |
| Series statement | Mathematik f�r Physiker und Mathematiker ; |
| Volume/sequential designation | 1 |
| 650 #0 - SUBJECT ADDED ENTRY--TOPICAL TERM | |
| Topical term or geographic name as entry element | Algebras, Linear. |
| 9 (RLIN) | 137168 |
| Topical term or geographic name as entry element | Algebras, Linear. |
| Source of heading or term | fast |
| 9 (RLIN) | 137168 |
| 710 2# - ADDED ENTRY--CORPORATE NAME | |
| Corporate name or jurisdiction name as entry element | Wiley InterScience (Online service) |
| 9 (RLIN) | 152306 |
| 776 1# - ADDITIONAL PHYSICAL FORM ENTRY | |
| Qualifying information | Original |
| International Standard Book Number | 3527404023 |
| -- | 9783527404025 |
| Record control number | (OCoLC)175020181 |
| 856 40 - ELECTRONIC LOCATION AND ACCESS | |
| Uniform Resource Identifier | <a href="http://dx.doi.org/10.1002/9783527617920">http://dx.doi.org/10.1002/9783527617920</a> |
| Public note | Wiley |
| -- | MIT Access Only |
| 942 ## - ADDED ENTRY ELEMENTS (KOHA) | |
| Source of classification or shelving scheme | Dewey Decimal Classification |
| Koha item type | Books |
| 946 ## - LOCAL PROCESSING INFORMATION (OCLC) | |
| m | wiley-disc |
| Lost status | Source of classification or shelving scheme | Damaged status | Not for loan | Collection code | Permanent Location | Current Location | Shelving location | Date acquired | Source of acquisition | Cost, normal purchase price | Total Checkouts | Full call number | Date last seen | Copy number | Koha item type |
|---|---|---|---|---|---|---|---|---|---|---|---|---|---|---|---|
| Dewey Decimal Classification | Non-fiction | Central Library, University of Rajshahi | Central Library, University of Rajshahi | 03/02/1961 | Provical Book | 37.50 | 512.5 LIL 1956 | 28/08/2016 | C-2 | Books |